Statistics for Song Title Antonyms

Click here to take the quiz!

General Stats

  • This quiz has been taken 372 times
  • The average score is 7 of 15

Answer Stats

AntonymSong% Correct
Cold N HotHot N Cold
95%
Hate The Way You Tell The TruthLove The Way You Lie
87%
Married MenSingle Ladies (Put A Ring On It)
81%
I Disbelieve I Can WalkI Believe I Can Fly
79%
Die NeverLive Forever
74%
Woman In The GlassMan In The Mirror
69%
Radio Resuscitated The Video MoonVideo Killed The Radio Star
58%
It Was HimIt Wasn't Me
51%
Black FloorsWhite Walls
39%
Good HatredBad Romance
24%
Running Away From ScootersChasing Cars
13%
Stone MoonRockstar
10%
Action Man BoyBarbie Girl
8%
Cupboard TownRack City
5%
Pull Up My SkirtSag My Pants
4%

Score Distribution

Percentile by Number Answered

Percent of People with Each Score

Your Score History

You have not taken this quiz